Online
Catalog
Normal view MARC view

Entry Nombre personal

Number of records used in: 8

001 - NÚMERO DE CONTROL

  • campo de control: 84972

003 - IDENTIFICADOR DEL NÚMERO DE CONTROL

  • campo de control: BNPHU

005 - FECHA Y HORA DE LA ÚLTIMA TRANSACCIÓN

  • campo de control: 20240305110938.0

008 - DATOS DE LONGITUD FIJA

  • campo de control de longitud fija: 240305|| aca||aabn | a|a d

010 ## - NÚMERO DE CONTROL DE LA BIBLIOTECA DEL CONGRESO

  • Número de control de LC: no 00062872

040 ## - FUENTE DE LA CATALOGACIÓN

  • Centro catalogador/agencia de origen: DO-SdBNP
  • Lengua de catalogación: spa
  • Centro/agencia transcriptor: BNPHU
  • Normas de descripción: rda

100 1# - ENCABEZAMIENTO-NOMBRE DE PERSONA

  • Nombre de persona: Virgilio Díaz Ordóñez,
  • Fechas asociadas al nombre: 1895-1968

370 ## - LUGAR ASOCIADO

  • Lugar de nacimiento: San Pedro de Macorís, República Dominicana

372 ## - CAMPO DE ACTIVIDAD

  • Campo de actividad: Magistrado del Tribunal Superior de Tierras
  • Campo de actividad: Secretario de Educación Superior y Bellas Artes
  • Campo de actividad: Consultor Jurídico del Poder Ejecutivo.

374 ## - OCUPACIÓN

  • Ocupación: Abogado

375 ## - GÉNERO/SEXO

  • Género/Sexo: Masculino

377 ## - LENGUA/LENGUAJE ASOCIADO

  • Código del idioma: spa

400 1# - TRAZADO DE VÉASE--NOMBRE DE PERSONA

  • Nombre de persona: Ordóñez, Virgilio Díaz

500 ## - TRAZADO DE VÉASE ADEMÁS--NOMBRE DE PERSONA

  • Nombre de persona: Vizardi, Ligio,
  • Fechas asociadas al nombre: 1895-1968

670 ## - FUENTE DE DATOS ENCONTRADOS

  • Cita de la fuente: Work cat.: (DO-SdBNP)29325: https://www.conectate.com.do/articulo/virgilio-diaz-ordonez-biografia-republica-dominicana/, Política exterior de Trujillo /

670 ## - FUENTE DE DATOS ENCONTRADOS

  • Cita de la fuente: Vicisitudes de la lengua española en Santo Domingo (dicurso de ingreso en la Academia dominicana de la lengua, 1944
  • Información encontrada: (Virgilio Díaz Ordóñez)

Powered by Koha